000 00765nam a2200253 i 4500
003 EG-ScBUE
005 20260408095304.0
008 200219t2025 cc a f d 000 0 eng d
020 _a9789881354761
040 _aEG-ScBUE
_beng
_erda
_cEG-ScBUE
_dEG-ScBUE
082 0 4 _222
_a746.92
_bFAS
245 0 0 _aFashionpedia :
_bthe visual dictionary of fashion design
264 1 _aHong Kong :
_bFashionary International Ltd,
_c[2025]
264 4 _cc2025
300 _a335 pages :
_billustrations ;
_c20 cm
336 _2rdacontent
_atext
_btxt
337 _2rdamedia
_aunmediated
_bn
338 _2rdacarrier
_avolume
_bnc
500 _aIncludes glossary.
650 7 _aFashion design.
_2BUEsh
653 _cApril2026
_bART
655 _vReading book
942 _2ddc
_cBB
999 _c31189
_d31160